00457nam a2200169Ia 450000500170000001000130001702000320003003500170006203500130007903500130009203700190010508200060012410000230013024500730015326000340022630000270026020170802142053.0 aBAC-CH25 a9780143331674 c125.00 aB-555214-249 aG-003033 aB-667189 bAakar/Venadpl aS aPattanaik, Devdutt aFun in Devlok: an indentity card for Krishna /cby Devdutt Pattanaik aNew delhibPuffin Booksc2014 a40p.:bill.c20cm(pbk)